5 Oldest Countries by Continent - Statistics

General Stats
  • This quiz has been taken 215 times
  • The average score is 26 of 33
Answer Stats
Date Country % Correct
Africa 1922 Egypt
96%
Asia 1600 BC China
94%
Oceania 1853 New Zealand
92%
North America 1776 United States
92%
Oceania 1901 Australia
91%
Europe 481 France
90%
North America 1810 Mexico
90%
Asia 660 BC Japan
89%
South America 1810 Argentina
88%
South America 1810 Colombia
88%
South America 1810 Chile
86%
South America 1810 Venezuela
85%
South America 1809 Ecuador
83%
Oceania 1962 Fiji
83%
Africa 900 Ethiopia
82%
North America 1821 Honduras
82%
North America 1821 Guatemala
81%
North America 1821 El Salvador
80%
Africa 788 AD Morocco
80%
North America 1821 Nicaragua
79%
North America 1804 Haiti
78%
North America 1821 Costa Rica
77%
Europe 843 Germany
77%
Oceania 1970 Federated States of Micronesia
74%
Europe 301 San Marino
73%
Africa 1910 South Africa
71%
Asia 1206 Mongolia
70%
Asia 762 Iraq
68%
Oceania 1968 Kiribati
66%
Europe 632 Bulgaria
57%
Africa 1847 Liberia
57%
Asia 880 Armenia
55%
Europe 780 Serbia
54%
No matching quizzes found
Score Distribution
Percent of People with Each Score
Percentile by Number Answered
Your Score History
You have not taken this quiz